[Event "LEO-chB"]
[Site "Gatineau"]
[Date "2006.04.18"]
[Round "2"]
[White "Coulombe, Simon"]
[Black "Berthiaume, Patrick"]
[Result "1-0"]
[WhiteElo "1318"]
[BlackElo "956"]
[PlyCount "47"]
[EventDate "2006.04.11"]
[EventType "swiss"]
[EventRounds "6"]
[EventCountry "CAN"]
[SourceTitle "EXT 2007"]
[Source "ChessBase"]
[SourceDate "2006.11.23"]
[SourceVersion "1"]
[SourceVersionDate "2006.11.23"]
[SourceQuality "1"]

1. d4 d5 2. c4 Nf6 3. cxd5 Nxd5 4. e4 Nf6 5. Bd3 e6 6. Nf3 Nc6 7. 0-0 Nxd4 8. Nxd4 Qxd4 9. Bb5+ c6 10. Qxd4 cxb5 11. Rd1 a6 12. Bh6 Bd7 13. Bg5 Be7 14. Nc3 0-0 15. e5 h6 16. exf6 Bxf6 17. Bxf6 gxf6 18. Ne4 Bc6 19. Nxf6+ Kg7 20. Nd7+ Kg8 21. b4 Bxg2 22. Kxg2 f6 23. Rd3 e5 24. Qg4+ 1-0